北京地铁2号线地铁站 - Statistics

General Stats
  • This quiz has been taken 29 times
  • The average score is 16 of 18
Answer Stats
Transfers Stations % Correct
东四十条
100%
1号线 建国门
100%
13号线 东直门
96%
8号线 前门
96%
4号线 13号线 西直门
96%
19号线 积水潭
92%
8号线 鼓楼大街
92%
6号线 朝阳门
92%
4号线 宣武门
92%
1号线 19号线(太平桥) 复兴门
92%
阜成门
92%
北京站
88%
5号线 崇文门
88%
和平门
88%
长椿街
88%
安定门
85%
5号线 雍和宫
85%
6号线 车公庄
81%
No matching quizzes found
Score Distribution
Percent of People with Each Score
Percentile by Number Answered
Your Score History
You have not taken this quiz